000 01132cam a2200289 a 4500
001 3545011
005 20250319142316.0
008 971006s1998 nyua 001 0 eng
020 _a0471199788 (pbk. : alk. paper)
050 0 0 _aHD30.385
_b.M54 1998
082 0 0 _a658/.0546
_221
100 1 _aMiller, Mitra,
_d1970-
245 1 0 _aManaging the corporate intranet /
_cMitra Miller, Andrew Roehr, Benjamin Bernard.
260 _aNew York :
_bWiley,
_cc1998.
300 _axx, 427 p. :
_bill. ;
_c24 cm.
500 _aOn cover: Per Sé Technologies.
500 _a"Wiley Computer Publishing."
500 _aIncludes index.
650 0 _aIntranets (Computer networks)
650 0 _aBusiness enterprises
_xComputer networks.
700 1 _aRoehr, Andrew J.,
_d1964-
700 1 _aBernard, Benjamin,
_d1971-
856 4 _3Table of Contents
_uhttp://www.loc.gov/catdir/toc/onix05/97041086.html
856 4 2 _3Contributor biographical information
_uhttp://www.loc.gov/catdir/enhancements/fy0707/97041086-b.html
856 4 2 _3Publisher description
_uhttp://www.loc.gov/catdir/enhancements/fy0707/97041086-d.html
942 _2lcc
_cBK
_n0
999 _c4956
_d4956